The European greenbuilding programme (Record no. 110599)
[ view plain ]
| 000 -LEADER | |
|---|---|
| fixed length control field | 01404cad a22002295a 4500 |
| 001 - CONTROL NUMBER | |
| control field | E149686 |
| 008 - FIXED-LENGTH DATA ELEMENTS--GENERAL INFORMATION | |
| fixed length control field | 100408s2009 xxk f 000 0 eng d |
| 035 ## - SYSTEM CONTROL NUMBER | |
| System control number | (Sirsi) u149686 |
| 041 0# - LANGUAGE CODE | |
| Language code of text/sound track or separate title | eng |
| 110 2# - MAIN ENTRY--CORPORATE NAME | |
| Corporate name or jurisdiction name as entry element | European Commission |
| 9 (RLIN) | 2292 |
| 245 04 - TITLE STATEMENT | |
| Title | The European greenbuilding programme |
| Remainder of title | partner guidelines, version 2.2 |
| Medium | [electronic resource] |
| 260 ## - PUBLICATION, DISTRIBUTION, ETC. | |
| Place of publication, distribution, etc. | Ispra |
| Name of publisher, distributor, etc. | European Commission |
| Date of publication, distribution, etc. | 2009 |
| 505 2# - FORMATTED CONTENTS NOTE | |
| Formatted contents note | The GreenBuilding Programme Objectives and Scope -- Responsibilities of participants in the GreenBuilding -- Benefits of participating in the GreenBuilding -- Further information |
| 520 ## - SUMMARY, ETC. | |
| Summary, etc. | The European Commission aims to promote energy efficiency and sustainability through initiatives under the "Intelligent Energy - Europe" programme. One of these initiatives is the voluntary GreenBuilding Programme (launched in January 2005), which is aimed at promoting energy efficiency in private and public non-residential buildings. This document sets out the basic framework and rules of the Programme. |
| 521 ## - TARGET AUDIENCE NOTE | |
| Target audience note | Advanced |
| 590 ## - LOCAL NOTE (RLIN) | |
| Local note | KA |
| 651 #4 - SUBJECT ADDED ENTRY--GEOGRAPHIC NAME | |
| Geographic name | Europe |
| 690 ## - LOCAL SUBJECT ADDED ENTRY--TOPICAL TERM (OCLC, RLIN) | |
| Topical term or geographic name as entry element | ENVIRONMENTAL AND LAND CONSULTANCY-ENERGY-ENERGY USE-ENERGY EFFICIENCY |
| 690 ## - LOCAL SUBJECT ADDED ENTRY--TOPICAL TERM (OCLC, RLIN) | |
| Topical term or geographic name as entry element | PROPERTY-COMMERCIAL PROPERTY |
| 856 40 - ELECTRONIC LOCATION AND ACCESS | |
| Uniform Resource Identifier | <a href="https://www.eu-greenbuilding.org/fileadmin/Greenbuilding/gb_redaktion/guidelines/GBP_Guidelines_v2-2s.pdf">https://www.eu-greenbuilding.org/fileadmin/Greenbuilding/gb_redaktion/guidelines/GBP_Guidelines_v2-2s.pdf</a> |
| Public note | View the guidelines free of charge at www.eu-greenbuilding.org |
| 942 ## - ADDED ENTRY ELEMENTS (KOHA) | |
| Suppress in OPAC | 0 |
| Withdrawn status | Lost status | Source of classification or shelving scheme | Damaged status | Not for loan | Home library | Current library | Shelving location | Date acquired | Total Checkouts | Full call number | Barcode | Date last seen | Copy number | Price effective from | Koha item type |
|---|---|---|---|---|---|---|---|---|---|---|---|---|---|---|---|
| Dewey Decimal Classification | Virtual | Virtual | Online | 08/04/2010 | ONLINE PUBLICATION | 149686-2001 | 06/08/2019 | 1 | 06/08/2019 | Book |